Prueba de San Juan (ARG) - Estadísticas

Estadísticas generales
  • Esta prueba ha sido intentada 24 veces
  • La puntuación promedio es 10 de 15
Estadísticas de respuestas
Pregunta Respuesta % Correcto
Capital San Juan
100%
El club Verdinegro Club Atlético San Martín
95%
Gentilicio Sanjuanino
95%
San Juan asume 18,45% de la producción de esta bebida Vino
95%
55.º Presidente de la AFA Claudio Tapia
75%
Conductor de 100 argentinos dicen Darío Barassi
75%
Región argentina que integra Neuquén Región de Cuyo
75%
Apodos de la región Tierra del {Sol}
70%
Nombre informal del Parque Provincial de Ischigualasto Valle de la Luna
70%
La imposición de la educación obligatoria de Sarmiento luchó contra este problema Analfabetismo
65%
¿Qué San Juan es el patrón de la catedral de San Juan? Bautista
50%
Año de su declaración de autonomía 1820
35%
Departamento más poblado Rawson
35%
Parque nacional con un observatorio astronómico El Leoncito
30%
Apodos de la región {Estrella} de los Andes
10%
No se encontraron pruebas coincidentes
Distribución de puntuación
Porcentaje de gente con cada puntuación
Porcentaje por número respondido
Historial de tus puntuaciones
No has intentado esta prueba.